Educational Leadership and Administration : concepts, methodologies, tools, and applications / (Record no. 52493)

MARC details
000 -LEADER
fixed length control field 00763nam a22002177a 4500
003 - CONTROL NUMBER IDENTIFIER
control field OSt
008 - FIXED-LENGTH DATA ELEMENTS--GENERAL INFORMATION
fixed length control field 260630b |||||||| |||| 00| 0 eng d
020 ## - INTERNATIONAL STANDARD BOOK NUMBER
International Standard Book Number 9781522516248
082 ## - DEWEY DECIMAL CLASSIFICATION NUMBER
Classification number 371.2
Item number I43E
100 ## - MAIN ENTRY--PERSONAL NAME
Personal name IRMA
245 ## - TITLE STATEMENT
Title Educational Leadership and Administration : concepts, methodologies, tools, and applications /
Statement of responsibility, etc. by Information Resources Management Association
260 ## - PUBLICATION, DISTRIBUTION, ETC. (IMPRINT)
Place of publication, distribution, etc .- USA
Name of publisher, distributor, etc : IGI Global
Date of publication, distribution, etc , 2017
300 ## - PHYSICAL DESCRIPTION
Extent vol.- l, (xxvi,541); vol.- ll, (xxvi,542-1064); vol.- lll, (xxvi,1065-1631); vol.- IV, (xxvi,1632-2183)p.
365 ## - TRADE PRICE
Price note 4vol. Set. Price- 90119.00
650 ## - SUBJECT ADDED ENTRY--TOPICAL TERM
Topical term or geographic name as entry element Social Sciences
650 ## - SUBJECT ADDED ENTRY--TOPICAL TERM
Topical term or geographic name as entry element Education
650 ## - SUBJECT ADDED ENTRY--TOPICAL TERM
Topical term or geographic name as entry element Educational Leadership
650 ## - SUBJECT ADDED ENTRY--TOPICAL TERM
Topical term or geographic name as entry element Curriculum Planning
650 ## - SUBJECT ADDED ENTRY--TOPICAL TERM
Topical term or geographic name as entry element Administration
942 ## - ADDED ENTRY ELEMENTS (KOHA)
Source of classification or shelving scheme
Koha item type Reference Books
Holdings
Withdrawn status Lost status Source of classification or shelving scheme Damaged status Not for loan Home library Current library Shelving location Date acquired Source of acquisition Cost, normal purchase price Full call number Barcode Date last seen Bill Date Koha item type Public note Bill Number Total Checkouts
          Dr. Rajendra Prasad Central Agricultural University Pusa, Dr. Rajendra Prasad Central Agricultural University Pusa, Reference 30/06/2026 TTPP, New Delhi 22529.75 371.2 I43E 87662 30/06/2026 29/01/2026 Reference Books Volume- lll IN-00449  
          Dr. Rajendra Prasad Central Agricultural University Pusa, Dr. Rajendra Prasad Central Agricultural University Pusa, Reference 30/06/2026 TTPP, New Delhi 22529.75 371.2 I43E 87663 30/06/2026 29/01/2026 Reference Books Volume- ll IN-00449  
          Dr. Rajendra Prasad Central Agricultural University Pusa, Dr. Rajendra Prasad Central Agricultural University Pusa, Reference 30/06/2026 TTPP, New Delhi 22529.75 371.2 I43E 87664 30/06/2026 29/01/2026 Reference Books Volume- l IN-00449  
          Dr. Rajendra Prasad Central Agricultural University Pusa, Dr. Rajendra Prasad Central Agricultural University Pusa, Reference 30/06/2026 TTPP, New Delhi 22529.75 371.2 I43E 87665 30/06/2026 29/01/2026 Reference Books Volume- lV IN-00449  
Hosted, Implemented, Customized & Maintained by: BestBookBuddies

Powered by Koha